LEADER 01088nam a2200265 u 4500 001 000000086148 003 CaOOAMICUS 005 20070226124251.0 008 050926s1935 fr u000 u fre u 035 $a11059994 040 $aPUL(R)$bita 100 1 $aLemonnyer, A.,$cO.P.$0(OLS)http://pul/name/31752 245 10$aNotre baptême d'après saint Paul /$cA. Lemonnyer, O.P. 260 $aParis :$bDesclée et C.ie,$c1935. 300 $a60 p. ;$c19 cm 600 04$aPaulus,$cs., apostolo.$0(OLS)http://pul/subject/417 650 4$aBattesimo.$0(OLS)http://pul/subject/1772 700 1 $aDelos, R. P.$0(OLS)http://pul/name/31755 700 1 $aTroude, R.$0(OLS)http://pul/name/31754 700 1 $aTonneau, Jean,$cO.P.$0(OLS)http://pul/name/31753 850 $aPUL 852 $aPUL$W1$xDP1 Fondo Cecchetti$y53$m286 F 24$j109387$nBK-PRI$b $qFondi$B109387$CPULBib$Z2$F109387 $H $81 941 1 $a1 996 $6245$aNotre baptême d'après saint Paul$9(OLS)http://pul/title/111694 996 $6260$aParis :$bDesclée et C.ie$9(OLS)http://pul/publisher/77384 LEADER 01466nam a2200289 a 4500 001 000000174201 003 CaOOAMICUS 005 20210202120957.0 008 210202s2019 sz frm z000 u ger r 032 $aLibriCat 040 $aPUL$bita 100 1 $aDemetz, Reinhard.$0(OLS)http://pul/name/111923 245 10$aSufficiens beatitudo et beata sufficientia bei Anselm von Canterbury : $bTeleologie und Eschatologie als Schlüssel zu seinem Denken / $cReinhard Demetz. 260 $aZürich :$b[s.n.],$c2019. 300 $a404 p. ;$c24 cm 502 $aTesi -- Pontificia Università Gregoriana -- Facoltà di Teologia dogmatica, 2019. 504 $aBibliografia: p. [393]-404. 600 04$aAnselmus,$cs., arciv. di Canterbury,$d1033-1109$xCritica e interpretazione.$0(OLS)http://pul/subject/23583 650 4$aEscatologia$yEvo medio.$0(OLS)http://pul/subject/8614 650 4$aTeleologia.$0(OLS)http://pul/subject/40276 710 2 $aPontificia Università Gregoriana.$bFacoltà di teologia.$kTesi.$0(OLS)http://pul/name/81592 850 $aPUL 852 $aPUL$W1$xDP1 Tesi Pon. Univ. Gregoriana$y40$m2019 B 44$j198552$qTesi$B203123$CPULBib$Z2$F203123 $82 941 1 $a16 996 $6245$aSufficiens beatitudo et beata sufficientia bei Anselm von Canterbury : $bTeleologie und Eschatologie als Schlüssel zu seinem Denken / $9(OLS)http://pul/title/215430 996 $6260$aZürich :$b[s.n.]$9(OLS)http://pul/publisher/82498